Экспериментальное исследование, методом корреляции цифровых изображений, напряженно-деформированных состояний поверхности прокатного двутавра, усиленного углепластиком; Инновационные технологии в машиностроении
| Parent link: | Инновационные технологии в машиностроении.— 2017.— [С. 39-42] |
|---|---|
| Main Author: | |
| Other Authors: | , |
| Summary: | Заглавие с экрана В работе приведены результаты экспериментальных исследований по определению деформированного состояния двутавровой балки. Балка усилена углепластиком в зонах максимальных нормальных напряжений. The paper presents the results of experimental studies to determine the deformed state of an I-beam.The beam is reinforced with carbon fiber reinforced plastic in the zones of maximum normal stresses. The data of the reference and reinforced sample are compared. |
| Language: | Russian |
| Published: |
2017
|
| Series: | Инновационные технологии получения и обработки материалов в машиностроении |
| Subjects: | |
| Online Access: | http://earchive.tpu.ru/handle/11683/45693 |
| Format: | MixedMaterials Electronic Book Chapter |
| KOHA link: | https://koha.lib.tpu.ru/cgi-bin/koha/opac-detail.pl?biblionumber=625884 |
MARC
| LEADER | 00000naa2a2200000 4500 | ||
|---|---|---|---|
| 001 | 625884 | ||
| 005 | 20231101133402.0 | ||
| 035 | |a (RuTPU)RU\TPU\conf\25150 | ||
| 035 | |a RU\TPU\conf\25149 | ||
| 090 | |a 625884 | ||
| 100 | |a 20171227d2017 k y0rusy50 ca | ||
| 101 | 0 | |a rus |d eng | |
| 102 | |a RU | ||
| 105 | |a y z 101zy | ||
| 135 | |a drcn ---uucaa | ||
| 181 | 0 | |a i | |
| 182 | 0 | |a b | |
| 200 | 1 | |a Экспериментальное исследование, методом корреляции цифровых изображений, напряженно-деформированных состояний поверхности прокатного двутавра, усиленного углепластиком |f А. М. Устинов, Д. Г. Копаница, А. А. Клопотов | |
| 203 | |a Текст |c электронный | ||
| 225 | 1 | |a Инновационные технологии получения и обработки материалов в машиностроении | |
| 230 | |a 1 компьютерный файл (pdf; 223 Kb) | ||
| 300 | |a Заглавие с экрана | ||
| 320 | |a [Библиогр.: с. 42 (12 назв.)] | ||
| 330 | |a В работе приведены результаты экспериментальных исследований по определению деформированного состояния двутавровой балки. Балка усилена углепластиком в зонах максимальных нормальных напряжений. | ||
| 330 | |a The paper presents the results of experimental studies to determine the deformed state of an I-beam.The beam is reinforced with carbon fiber reinforced plastic in the zones of maximum normal stresses. The data of the reference and reinforced sample are compared. | ||
| 463 | 0 | |0 (RuTPU)RU\TPU\conf\21273 |t Инновационные технологии в машиностроении |o сборник трудов VIII Международной научно-практической конференции, 18-20 мая 2017 г., Юрга |f Национальный исследовательский Томский политехнический университет (ТПУ), Юргинский технологический институт (ЮТИ) ; под ред. Д. А. Чинахова |v [С. 39-42] |d 2017 | |
| 610 | 1 | |a электронный ресурс | |
| 610 | 1 | |a экспериментальные исследования | |
| 610 | 1 | |a деформированное состояние | |
| 610 | 1 | |a балки | |
| 610 | 1 | |a металлические конструкции | |
| 610 | 1 | |a сечения | |
| 700 | 1 | |a Устинов |b А. М. | |
| 701 | 1 | |a Копаница |b Д. Г. | |
| 701 | 1 | |a Клопотов |b А. А. | |
| 801 | 2 | |a RU |b 63413507 |c 20171228 |g RCR | |
| 856 | 4 | |u http://earchive.tpu.ru/handle/11683/45693 | |
| 942 | |c BK | ||